00619 2200205 4500001002100000005001500021035002000036007000300056008004100059020002200100082001600122084002200138245005100160250002000211260006500231300003000296650003700326650002600363110002400389INLIS00000000000090120250712030618 a0010-0725000901ta250712 0  a978-623-307-702-6 a398.209 598 a398.209 598 HER s1 aSang wasit: zaya chakma /cHerstory foundation aCetakan pertama aRawamangun :bBadan pengembangan dan pembinaan bahasa,c2022 a8 hlm. :bIlus. ;c22 cm. 4aCerita anak indonesia-terjemahan 4aLiterasi-bahan bacaan aHerstory foundation